| 000 | 01165cam a2200301 a 4500 | ||
|---|---|---|---|
| 001 | 3924222 | ||
| 003 | ARRUPE | ||
| 005 | 20141210120129.0 | ||
| 008 | 920923s1993 njua b 001 0 eng | ||
| 010 | _a 92033370 | ||
| 020 |
_a0691074283 : _c$79.50 |
||
| 020 |
_a0691019339 (pbk.) : _c$29.95 |
||
| 040 |
_aDLC _cDLC _dDLC |
||
| 050 | 0 | 0 |
_aQB981 _b.P424 1993 |
| 082 | 0 | 0 |
_a523.1 _220 |
| 100 | 1 |
_aPeebles, P. J. E. _q(Phillip James Edwin) _913185 |
|
| 245 | 1 | 0 |
_aPrinciples of physical cosmology / _cP.J.E. Peebles. |
| 260 |
_aPrinceton, N.J. : _bPrinceton University Press, _cc1993. |
||
| 300 |
_axviii, 718 p. : _bill. ; _c24 cm. |
||
| 440 | 0 |
_aPrinceton series in physics _913186 |
|
| 504 | _aIncludes bibliographical references (p. [685]-709) and index. | ||
| 650 | 0 |
_aCosmology. _913187 |
|
| 650 | 0 |
_aAstrophysics. _913188 |
|
| 856 | 4 | 2 |
_3Publisher description _uhttp://www.loc.gov/catdir/description/prin021/92033370.html |
| 906 |
_a7 _bcbc _corignew _d1 _eocip _f19 _gy-gencatlg |
||
| 942 |
_2lcc _cMONOGRAPH |
||
| 999 |
_c121429 _d121429 |
||